NÁVRH SKLADOVACIEHO SYSTÉMU V PRAXI

Bibliographic Details
Main Authors: Gregor, Milan, 1955- (Author), Hnát, Jozef (Author), Weiss, Miroslav (Author), Škorík, Peter (Author)
Format: Article
Language:Slovak

MARC

LEADER 00000naa a2200000uu 4500
001 vtls011073932
003 SK-MaSNL
005 20260302111235.0
008 210908|2007 xo |||||||||||||||||slo|
015 |a SNBRA 
035 |a (urnnbn)urn:nbn:sk:snk:ar-a0ccul 
035 |a (uuid)41c7acf6-3c1c-43e1-883b-fe2341393cf6 
035 |a urn:nbn:sk:snk-aavj2e 
040 |a SNKBUCL  |b slo  |c SNKBUCL  |e AACR2 
041 0 |a slo 
044 |a xo  |c SK 
100 1 |a Gregor, Milan,  |d 1955-  |4 aut  |9 108272 
245 1 0 |a NÁVRH SKLADOVACIEHO SYSTÉMU V PRAXI  |c Milan Gregor, Jozef Hnát, Miroslav Weiss, Peter Škorík 
700 1 |a Hnát, Jozef  |4 aut  |9 348575 
700 1 |a Weiss, Miroslav  |4 aut  |9 788422 
700 1 |a Škorík, Peter  |4 aut  |9 788423 
773 0 |t InvEnt 2007  |d Žilina] : Slovenské centrum produktivity, 2007  |g S. 64-69  |z 9788096939169  |z 9788096639169 
958 |a OND 
958 |a article12 
958 |a chapter 
999 |c 1246821  |d 1248751